International statebuilding : (Record no. 14610)

000 -LEADER
fixed length control field 01692cam a2200373 a 4500
001 - CONTROL NUMBER
control field 16060908
003 - CONTROL NUMBER IDENTIFIER
control field OSt
005 - DATE AND TIME OF LATEST TRANSACTION
control field 20170105102900.0
008 - FIXED-LENGTH DATA ELEMENTS--GENERAL INFORMATION
fixed length control field 100120s2010 enk b 001 0 eng
010 ## - LIBRARY OF CONGRESS CONTROL NUMBER
LC control number 2010002460
020 ## - INTERNATIONAL STANDARD BOOK NUMBER
International Standard Book Number 9780415421171 (hardback)
020 ## - INTERNATIONAL STANDARD BOOK NUMBER
International Standard Book Number 0415421179 (hardback)
020 ## - INTERNATIONAL STANDARD BOOK NUMBER
International Standard Book Number 9780415421188 (pbk.)
020 ## - INTERNATIONAL STANDARD BOOK NUMBER
International Standard Book Number 0415421187 (pbk.)
020 ## - INTERNATIONAL STANDARD BOOK NUMBER
International Standard Book Number 9780203847329 (ebook)
020 ## - INTERNATIONAL STANDARD BOOK NUMBER
International Standard Book Number 0203847326 (ebook)
035 ## - SYSTEM CONTROL NUMBER
System control number (OCoLC)ocn501321094
040 ## - CATALOGING SOURCE
Original cataloging agency DLC
Transcribing agency DLC
Modifying agency BWK
-- LGG
-- YDXCP
-- C#P
-- BWX
-- DLC
050 00 - LIBRARY OF CONGRESS CALL NUMBER
Classification number JZ6300
Item number .C535 2010
082 00 - DEWEY DECIMAL CLASSIFICATION NUMBER
Classification number 327.1
Edition number 22
Author Mark CHA 2010
100 1# - MAIN ENTRY--PERSONAL NAME
Personal name Chandler, David,
Dates associated with a name 1962-
245 10 - TITLE STATEMENT
Title International statebuilding :
Remainder of title the rise of post-liberal governance /
Statement of responsibility, etc. David Chandler.
260 ## - PUBLICATION, DISTRIBUTION, ETC.
Place of publication, distribution, etc. London ;
-- New York :
Name of publisher, distributor, etc. Routledge,
Date of publication, distribution, etc. 2010.
300 ## - PHYSICAL DESCRIPTION
Extent x, 218 p. ;
Dimensions 22 cm.
490 1# - SERIES STATEMENT
Series statement Critical issues in global politics ;
Volume/sequential designation 2
504 ## - BIBLIOGRAPHY, ETC. NOTE
Bibliography, etc. note Includes bibliographical references and index.
505 0# - FORMATTED CONTENTS NOTE
Formatted contents note The statebuilding paradigm -- The "liberal peace" critique of international intervention -- Rethinking the state -- Post-liberal governance -- The EU's export of "the rule of law" and "good governance" -- Security and statebuilding : from intervention to prevention -- Development as freedom : from colonialism to climate change -- Race, culture and civil society : statebuilding and the privileging of difference.
650 #0 - SUBJECT ADDED ENTRY--TOPICAL TERM
Topical term or geographic name entry element Nation-building.
650 #0 - SUBJECT ADDED ENTRY--TOPICAL TERM
Topical term or geographic name entry element Intervention (International law)
830 #0 - SERIES ADDED ENTRY--UNIFORM TITLE
Uniform title Critical issues in global politics ;
Volume/sequential designation 2.
906 ## - LOCAL DATA ELEMENT F, LDF (RLIN)
a 7
b cbc
c orignew
d 1
e ecip
f 20
g y-gencatlg
942 ## - ADDED ENTRY ELEMENTS (KOHA)
Source of classification or shelving scheme
Koha item type Book
Holdings
Withdrawn status Lost status Damaged status Not for loan Collection code Permanent Location Current Location Shelving location Date acquired Total Checkouts Full call number Barcode Date last seen Price effective from Koha item type
          Centre for International Peace & Stability (CIPS) Centre for International Peace & Stability (CIPS) General Stacks 09/16/2013   327.1 CHA 2010 CIPS0001053 10/10/2013 10/10/2013 Book
© 2023 Central Library, National University of Sciences and Technology. All Rights Reserved.